000 00763nam a2200229 a 4500
001 000025947
005 20200930024156.0
008 110217s1997 ve a r 000 | spa d
020 _a9800010777
040 _aDO-SdBNP
_bspa
_cBNPHU
082 _aNNN
_bM379s
100 1 _aMartin, Alfred von ,
_952807
245 1 0 _aVisiones de futuro :
_beconomía, educación y trabajo /
_ccoordinación Sergio Aranda ; Esther Gamus ... [et al.]; edición al cuidado Rosa Lucía Celi.
260 _aCaracas :
_bCENDES,
_c1997.
300 _a149 p. ;
_c23 cm.
504 _aBibliografía : p. 140-141
700 1 _aGamus, Esther,
_952811
700 1 _aLacabana, Miguel,
_952812
700 1 _aMercado, Alexis,
_952813
700 1 _aMata Mollejas, Luis
_952814
049 _aBNGR
999 _c25439
_d25439